000 00405nam a2200157 i 4500
001 bg
100 1 _aBACHMANN, Hugo
245 0 _aVibrations in structures :
_binduced by man and machines /
_cH. Bachmann, W. Ammann.
260 _aZurich,
_c1987.
700 1 _aAMMANN, Walter
040 _cBPK
041 _apol
080 _a624:621.01:534
942 _cKS
008 s pl f |000 0 pol
999 _c28851
_d28851
856 _uhttp://koha.tu.koszalin.pl/cgi-bin/koha/opac-detail.pl?biblionumber=28851
_yKatalog online BPK